000 00224nam a22000857a 4500
008 161220b xxu||||| |||| 00| 0 eng d
100 _92143
_aSrivastava.M
245 _aTihe Tiger and the Mosquito
260 _aNew Delhi
_bC.B.T
_c2011
999 _c5024
_d5024